Jean Piaget y las ciencias sociales / (Record no. 118734)
[ view plain ]
| 000 -LEADER | |
|---|---|
| campo de control de longitud fija | 01262nam a2200205 4500 |
| 001 - NÚMERO DE CONTROL | |
| campo de control | 118734 |
| 003 - IDENTIFICADOR DE NÚMERO DE CONTROL | |
| campo de control | ES-MaACL |
| 005 - FECHA Y HORA DE LA ÚLTIMA TRANSACCIÓN | |
| campo de control | 20251015063121.0 |
| 007 - CAMPO FIJO DE DESCRIPCIÓN FÍSICA--INFORMACIÓN GENERAL | |
| campo de control de longitud fija | t| |
| 008 - DATOS DE LONGITUD FIJA--INFORMACIÓN GENERAL | |
| campo de control de longitud fija | 070214s1974 sp r ||||1| spa d |
| 100 1# - ENTRADA PRINCIPAL--NOMBRE DE PERSONA | |
| Nombre de persona | Piaget, Jean, |
| Fechas asociadas al nombre | 1896-1980 |
| 9 (RLIN) | 91738 |
| 245 10 - MENCIÓN DEL TÍTULO | |
| Título | Jean Piaget y las ciencias sociales / |
| Mención de responsabilidad, etc. | G. Busino ... [et al.] ; introducción y bibliografía, Miguel A. Quintanilla ; [traducción revisada y anotada], Miguel A. Quintanilla. |
| 260 ## - PUBLICACIÓN, DISTRIBUCIÓN, ETC. | |
| Lugar de publicación, distribución, etc. | Salamanca : |
| Nombre del editor, distribuidor, etc. | Sígueme, |
| Fecha de publicación, distribución, etc. | 1974. |
| 300 ## - DESCRIPCIÓN FÍSICA | |
| Extensión | 208 p. ; |
| Dimensiones | 23 cm. |
| 505 8# - NOTA DE CONTENIDO CON FORMATO | |
| Nota de contenido con formato | Contiene: Las ideas sociológicas de Jean Piaget . ¿Jean Piaget sociólogo pese a los sociólogos? . Jean Piaget y la filosofía . Jean Piaget y la filosofía como sabiduría e ilusión . Lógica y ciencias humanas . Jean Piaget y la lingüística . Sociología y sociedad según Jean Piaget . Incidencias de la epistemología de Jean Piaget sobre la teoría de los fundamentos del derecho . Freud, Piaget y el liderazgo democrático . Autobiografía . Bibliografía de los escritos de Jean Piaget . Traducciones al castellano de los escritos de Jean Piaget |
| 700 1# - ENTRADA AGREGADA--NOMBRE PERSONAL | |
| Nombre de persona | Busino, Giovanni. |
| 9 (RLIN) | 173745 |
| 700 1# - ENTRADA AGREGADA--NOMBRE PERSONAL | |
| Nombre de persona | Quintanilla, Miguel A ( |
| Fechas asociadas al nombre | 1945-) |
| 9 (RLIN) | 94700 |
| 852 ## - LOCALIZACIÓN | |
| Ubicación | ES-MaACL |
| Número de control de estantería | E-8860 |
| Estatus retirado | Estado de pérdida | Estado de daño | No para préstamo | Biblioteca de origen | Biblioteca actual | Ubicación en estantería | Fecha de adquisición | Fuente de adquisición | Total de préstamos | Signatura topográfica completa | Código de barras | Visto por última vez | Precio de reemplazo | Tipo de ítem Koha |
|---|---|---|---|---|---|---|---|---|---|---|---|---|---|---|
| Biblioteca del Ateneo de Madrid | Biblioteca del Ateneo de Madrid | Depósito 2 | 17/01/2008 | E-8860 | 1123778 | 23/02/2023 | 23/02/2023 | Libro impreso |
